1486 1348 1498 1831 1416 1298 1079 1723 1819 1175 1076 1490 1304 1084 1598 1953 1316 1700 1508 1060 1541 1574 1277 1914 1530 1730 1630 1537 1509 1175 1525 1191 1430 1655 1422 1862 1074 1583 1733 1446 1585 1870 1395 1148 1027 1011 1452 1394 1093 1820 1764 1478 1117 1189 1557 1114 1812 1357 1390 1111 1830 1971 1324 1164 1413 1934 1666 1015 1472 1634 1841 1172 1732 1860 1034 1539 1092 1146 1874 1836 1294 1463 1179 1744 1683 1682 1126 1176 1384 1979 1005 1282 1026 1515 1739 1185 1119 1994 1126 BCNSPRNW ULIB Ver.6.0+V

เปลี่ยนเป็นภาษาไทย

Change to English
 แสดงรายละเอียดบรรณานุกรม
  กลับหน้าหลัก

Brief Record : Get Marc (ISO 2709) : E-mail record : QR code < ปิดหน้าต่าง
LEADER : 00000nam 2200000uu 4500
001    13399108881
003     ULIB
008    110315s||||||||th 000 0 tha d
020    9747445166
060 04 W800^bร315ค 2541
100 0  ระพี แม้นโกศล
245 10 คู่มือนิติเวชศาสตร์ /^cระพี แม้นโกศล
250    พิมพ์ครั้งที่ 5
260    [กรุงเทพฯ :^bภาควิชานิติเวชศาสตร์คณะแพทยศาสตร์ศิริราชพยาบาล มหาวิทยาลัยมหิดล],^c2541
300    168 หน้า ;^c22 ซม.
650  7 นิติเวชศาสตร์
653    ผลงานอาจารย์คณะแพทยศาสตร์ศิริราชพยาบาล
710 2  มหาวิทยาลัยมหิดล. ^bคณะแพทยศาสตร์ศิริราชพยาบาล
945    ^p200^l0^i015817
995     ทศพร
999 ^a ใช้งานได้ทุกระบบ
รายการนี้ยังไม่มีแท็ก
คุณยังไม่ได้ล็อกอิน คุณสามารถมีกิจกรรมร่วมกับเว็บไซต์ได้ แต่ต้องล็อกอินก่อน ::
  ล็อกอิน

รายการสื่อสารสนเทศ

ลำดับที่ ประเภท เลขเรียก/บาร์โค้ด สถานที่ สถานะ
- ไม่พบข้อมูล -

รายการใกล้เคียง
    หัวเรื่อง [นิติเวชศาสตร์]

BibComment


ยังไม่เคยถูกคอมเมนท์

คอมเมนท์ทรัพยากรรายการนี้
  คอมเมนท์: คู่มือนิติเวชศาสต..


 Copyright 2026. Bcnsprnw @Library